Statistiques concernant Quiz sur la Moldavie

Cliquez ici pour prendre le quiz!

Statistiques générales

  • Ce quiz a été pris 5 385 fois
  • Le résultat moyen est 10 sur 16

Statistiques - réponses

QuestionRéponse% Correct
Pays frontaliersRoumanie
97%
Pays frontaliersUkraine
96%
Pays auquel la Moldavie appartenait jusqu'en 1991Union soviétique
93%
Langue officielleRoumain
91%
Malheureusement, la Moldavie est le pays le plus ___ d'EuropePauvre
90%
Capitale et ville la plus peupléeChișinău
87%
Mer située à seulement 50 kilomètres des terres moldavesMer Noire
84%
Branche du christianisme pratiquée par 93% de la populationOrthodoxe
83%
Boisson dont la Moldavie est le huitième producteur mondial par habitantVin
61%
Groupe de musique moldave qui a interprété Dragostea din tei
(nu ma, nu ma iei) qui a été #1 des ventes en France en 2004
O-Zone
55%
République indépendantiste non-reconnue située au-delà de ce fleuveTransnistrie
47%
Devise monétaireLeu
29%
Région historique qui recouvre la plupart du pays{Bess}arabie
27%
Capitale de cet état, techniquement la deuxième plus grande ville de MoldavieTiraspol
27%
Plus long fleuve de MoldavieDniestr
20%
Région autonome au sud du pays, peuplée par une ethnie turque{Gaga}ouzie
15%

Distribution des résultats

Percentile par nombre de réponses

% des personnes avec chaque résultat

Votre développement - résultats

Vous n’avez pas pris ce quiz